00419nam a2200157Ia 4500008004100000020001500041041001200056082001100068100001900079245008600098250000800184260003900192300000800231650000800239700001400247221030s9999 xx 000 0 und d a8177585681 aEnglish a105.23 aN. H. E. Weste 0aCMOS VLSI Design - A Circuits & Systems Perspectivecby N. H. E. Weste, D. Harris a3rd bPearson EducationaNew Delhic201 a659 aECE aD. Harris